Convenios judiciales, necesidad de exentarlos del pago de impuesto en la ley de hacienda del estado de Jalisco /

Sábháilte in:
Sonraí bibleagrafaíochta
Príomhchruthaitheoir: González Ortega, Lorena (autor)
Formáid: Tráchtas LEABHAR
Teanga:Spáinnis
Foilsithe / Cruthaithe: Guadalajara, México : edición de autor, 1996
Ábhair:
Clibeanna: Cuir clib leis
Níl clibeanna ann, Bí ar an gcéad duine le clib a chur leis an taifead seo!

MARC

LEADER 00000nam^a2200000^a^4500
001 000047580
005 20250521000000.0
009 20260310090054.158
037 |a Acervo ITESO - Biblioteca 
041 |a ESP 
090 |a DER. 90 
100 |a González Ortega, Lorena  |e (autor) 
245 1 0 |a Convenios judiciales, necesidad de exentarlos del pago de impuesto en la ley de hacienda del estado de Jalisco /  |c L. González Ortega. 
264 1 |a Guadalajara, México :  |b edición de autor,  |c 1996 
300 |a 97 p. 
336 |a texto  |b txt  |2 rdacontenido 
337 |a sin mediación  |b n  |2 rdamedio 
338 |a volumen  |b nc  |2 rdasoporte 
502 |a ITESO Tesis de Licenciatura en Derecho 
649 |a XX 
650 |a Derecho Fiscal -  |z Jalisco -  |x Leyes y Reglamentos 
650 |a Derecho Financiero 
650 |a Derecho Público 
910 |a Fondo General 
920 |a Impresos - Tesis del ITESO 
930 |a Colección General 
905 |a 104 
901 |a 0500002864  |b IT2  |c TSS  |u 20250521 
902 |a https://opac.biblio.iteso.mx/vufind/Record/000047580